[Event "ROM-ch U08"]
[Site "Calimanesti"]
[Date "2014.04.06"]
[Round "1"]
[White "Coroiu, Alexandru"]
[Black "Petrescu, Tudor"]
[Result "0-1"]
[WhiteElo "1012"]
[BlackElo "1033"]
[PlyCount "170"]
[EventDate "2014.04.06"]
[EventType "swiss"]
[EventRounds "9"]
[EventCountry "ROU"]
[SourceTitle "CBM 160 Extra"]
[Source "ChessBase"]
[SourceDate "2014.07.01"]
[SourceVersion "1"]
[SourceVersionDate "2014.07.01"]
[SourceQuality "1"]

1. e4 e5 2. Nf3 Nf6 3. Nxe5 d6 4. Nf3 Nc6 5. d3 Qe7 6. Nc3 Be6 7. Bg5 h6 8. Bxf6 gxf6 9. d4 0-0-0 10. d5 Ne5 11. dxe6 Nxf3+ 12. Qxf3 Qxe6 13. Bd3 d5 14. 0-0-0 d4 15. Ne2 Bc5 16. Qf5 Qxf5 17. exf5 Rhe8 18. Nf4 Bd6 19. g3 c5 20. Rhe1 a6 21. Rxe8 Rxe8 22. Nd5 b5 23. b3 c4 24. bxc4 bxc4 25. Nxf6 Rd8 26. Bxc4 Ba3+ 27. Kb1 Rd6 28. c3 Rxf6 29. g4 dxc3 30. Kc2 Bb4 31. Rd4 a5 32. a4 Rd6 33. Rxd6 Bxd6 34. Kxc3 f6 35. h3 Be5+ 36. Kd3 Kd7 37. Bb5+ Kd6 38. Kc4 Bh2 39. Kb3 Ke5 40. Bf1 Kf4 41. Kc4 Kf3 42. Kb5 Bc7 43. Kc6 Bd8 44. Kd7 Bb6 45. Kc6 Bxf2 46. Kb5 Be1 47. Bd3 Kg3 48. Kc5 Kxh3 49. Kd6 Kxg4 50. Ke6 Kg5 51. Be2 h5 52. Bxh5 Kxh5 53. Kxf6 Kh4 54. Ke6 Kg3 55. f6 Kf3 56. f7 Bb4 57. Kd5 Kg4 58. Ke4 Kg5 59. Kd5 Kg6 60. f8Q Bxf8 61. Kc4 Bb4 62. Kd5 Kf6 63. Kc6 Ke6 64. Kb7 Kd5 65. Ka6 Kc4 66. Kb7 Kb3 67. Ka7 Kxa4 68. Ka8 Kb3 69. Ka7 a4 70. Ka6 a3 71. Kb5 a2 72. Kc6 Bd6 73. Kxd6 a1Q 74. Kc5 Qa4 75. Kd6 Qb5 76. Ke6 Kc4 77. Kd6 Kd4 78. Kc7 Qa6 79. Kd7 Ke5 80. Ke7 Qe6+ 81. Kd8 Qf7 82. Kc8 Kd6 83. Kb8 Kc6 84. Ka8 Kb6 85. Kb8 Qb7# 0-1